000 00422nam a2200145Ia 4500
008 230917s9999||||xx |||||||||||||| ||und||
040 _e8431
_aMAIN
041 _aEnglish
082 _a327.406 M814B
100 _aMorel, E D
245 0 _aBlack man's burdon: The white man in Africa form the fifteenth century to world war I
260 _aNew York
_bModern Reader Paperbacks
_c1969
300 _ax, 241 p.
942 _cBK
999 _c210530
_d210530